[Event "Tch-CRO 1stA liga 2016"]
[Site "Sibenik"]
[Date "2016.10.16"]
[Round "9.3"]
[White "Martinovic, Sasa"]
[Black "Hracek, Zbynek"]
[Result "1/2-1/2"]
[WhiteElo "2563"]
[BlackElo "2594"]
[PlyCount "67"]
[EventDate "2016.??.??"]
[EventCountry "CRO"]

1. d4 Nf6 2. c4 e6 3. Nc3 Bb4 4. Qc2 d5 5. cxd5 exd5 6. Bg5 h6 7. Bh4 c5 8.
dxc5 g5 9. Bg3 Ne4 10. Nf3 Qa5 11. Nd2 Bf5 12. Nb3 Nxc5 13. Qxf5 Bxc3+ 14. bxc3
Qxc3+ 15. Kd1 Nxb3 16. Qe5+ Qxe5 17. Bxe5 f6 18. Bxf6 Rf8 19. axb3 Rxf6 20. f3
Nc6 21. h4 Ke7 22. hxg5 hxg5 23. e3 Re8 24. Kd2 Kd6 25. Rh7 g4 26. Rxb7 gxf3
27. gxf3 Rxf3 28. Bb5 Rf2+ 29. Ke1 Rb2 30. Ra6 Rxe3+ 31. Kd1 Rc3 32. Bxc6 Rxc6
33. Rbxa7 Rxb3 34. Rxc6+ 1/2-1/2

[Event "Tch-CRO 1stA liga 2016"]
[Site "Sibenik"]
[Date "2016.10.16"]
[Round "9.3"]
[White "Sulava, Nenad"]
[Black "Kurajica, Bojan"]
[Result "1/2-1/2"]
[WhiteElo "2459"]
[BlackElo "2533"]
[PlyCount "29"]
[EventDate "2016.??.??"]
[EventCountry "CRO"]

1. Nf3 Nf6 2. c4 e6 3. b3 b6 4. g3 Bb7 5. Bg2 d5 6. cxd5 exd5 7. Bb2 Bd6 8. O-O
O-O 9. d4 Nbd7 10. Nc3 a6 11. Rc1 Qe7 12. e3 Ne4 13. Ne2 f6 14. Rc2 Rf7 15. Qd3
1/2-1/2

[Event "Tch-CRO 1stA liga 2016"]
[Site "Sibenik"]
[Date "2016.10.16"]
[Round "9.3"]
[White "Mrkonjic, Nenad"]
[Black "Muse, Mladen"]
[Result "1/2-1/2"]
[WhiteElo "2353"]
[BlackElo "2379"]
[PlyCount "30"]
[EventDate "2016.??.??"]
[EventCountry "CRO"]

1. d4 d5 2. Nf3 Nf6 3. Bf4 c5 4. c3 e6 5. e3 Nc6 6. h3 Bd6 7. Bxd6 Qxd6 8. Be2
O-O 9. Nbd2 b6 10. O-O Bb7 11. Qa4 e5 12. dxe5 Nxe5 13. Nxe5 Qxe5 14. Ba6 Bxa6
15. Qxa6 Qc7 1/2-1/2

[Event "Tch-CRO 1stA liga 2016"]
[Site "Sibenik"]
[Date "2016.10.16"]
[Round "9.4"]
[White "Banusz, Tamas"]
[Black "Repka, Christopher"]
[Result "1/2-1/2"]
[WhiteElo "2612"]
[BlackElo "2473"]
[PlyCount "20"]
[EventDate "2016.??.??"]
[EventCountry "CRO"]

1. d4 Nf6 2. Nf3 b6 3. Bf4 Bb7 4. e3 e6 5. Bd3 Be7 6. O-O O-O 7. h3 c5 8. c3 d5
9. Nbd2 Nbd7 10. Qe2 Ne4 1/2-1/2

[Event "Tch-CRO 1stA liga 2016"]
[Site "Sibenik"]
[Date "2016.10.16"]
[Round "9.4"]
[White "Blazeka, Matej"]
[Black "Rubil, Marko"]
[Result "1/2-1/2"]
[WhiteElo "2266"]
[BlackElo "2306"]
[PlyCount "21"]
[EventDate "2016.??.??"]
[EventCountry "CRO"]

1. e4 e5 2. Nf3 Nc6 3. d4 exd4 4. Nxd4 Nf6 5. Nxc6 bxc6 6. e5 Qe7 7. Qe2 Nd5 8.
c4 Nb6 9. Nc3 Ba6 10. Qe4 Qe6 11. b3 1/2-1/2